Finančná gramotnosť mladých ľudí na Slovensku v roku 2025 v kontexte Agendy 2030

Finančná gramotnosť je kľúčovým predpokladom ekonomickej stability a sociálnej udržateľnosti. V roku 2025 sa na Slovensku potvrdil dlhodobý trend nízkej až strednej úrovne finančnej gramotnosti naprieč populáciou, pričom najzraniteľnejšou skupinou sú mladí ľudia vo veku do 24 rokov. Analýza úrovne...

Descrizione completa

Salvato in:
Dettagli Bibliografici
Autore principale: Kudlová, Zuzana, 1986-
Altri autori: Krátký, Daniel, 1971-
Natura: Capitolo di libro
Lingua:slovacco
Soggetti:
Tags: Aggiungi Tag
Nessun Tag, puoi essere il primo ad aggiungerne!!

MARC

LEADER 00000naa$a2200000$$$4500
001 0313908
005 20260112132515.0
041 0 |a slo 
044 |a SK 
245 1 0 |a Finančná gramotnosť mladých ľudí na Slovensku v roku 2025 v kontexte Agendy 2030  |c Zuzana Kudlová, Daniel Krátký 
520 |a Finančná gramotnosť je kľúčovým predpokladom ekonomickej stability a sociálnej udržateľnosti. V roku 2025 sa na Slovensku potvrdil dlhodobý trend nízkej až strednej úrovne finančnej gramotnosti naprieč populáciou, pričom najzraniteľnejšou skupinou sú mladí ľudia vo veku do 24 rokov. Analýza úrovne finančnej gramotnosti mladých na základe dostupných údajov z roku 2025, porovnanie s ostatnými vekovými skupinami a interpretácia zistení vo vzťahu k cieľom Agendy 2030. Výsledky ukazujú, že mladá generácia dosahuje nižšie skóre než celková populácia aj seniori, pričom významná časť nemá vytvorenú finančnú rezervu. Štúdia zdôrazňuje potrebu systematického vzdelávania, praktických intervencií a dlhodobej podpory finančnej zodpovednosti. 
610 2 0 |a gramotnosť finančná 
610 2 0 |a vzdelávanie 
610 2 0 |a udržateľnosť 
610 2 0 |a mládež 
610 2 0 |a Slovensko 
100 1 |a Kudlová, Zuzana, 1986- 
700 1 |a Krátký, Daniel, 1971-